| 000 | 01420nam a22002777a 4500 | ||
|---|---|---|---|
| 999 |
_c7863 _d7863 |
||
| 003 | AR-CdUCM | ||
| 008 | 190321b ||||| |||| 00| 0 spa d | ||
| 040 |
_aMUNICIPALIDAD PROVINCIAL DEL CUSCO _cBIBLIOTECA MUNICIPAL DEL CUSCO |
||
| 082 |
_a985.008 / _bC73 |
||
| 100 |
_aComisión Nacional del Sesquicentenario de la Independencia del Perú _921840 |
||
| 245 | _aAsuntos militares / | ||
| 300 |
_a9 volúmenes ; _c24 cm. |
||
| 440 |
_aColección Documental de la Independencia del Perú _921841 |
||
| 505 | _aContenido: V.1 Defensa del Virreinato -- V.2 El ejército libertador del Perú -- V.3 Juntas de guerra (1820-1821) -- V.4 Estado militar en 1820-1822 -- V.5 Juntas de guerra (1820-1821) -- V.6 I. Anexo del año 1822 sobre estado militar y cuestiones conexas, II. Listas de revista de comisario año 1823-1924-1825 -- V.7 Estado militar en 1823 -- V.8 Estado militar en 1824-1826 -- V.9 Reimpresos de campaña (1823-1826). | ||
| 650 |
_aIndependencia _9625 |
||
| 650 |
_aCuerpo de reserva _922240 |
||
| 650 |
_aDivisión de Arica _922241 |
||
| 650 |
_aReal cuerpo de artillería _922242 |
||
| 650 |
_aVirrey de Santa Fe _922243 |
||
| 650 |
_aEjercito peruano _922244 |
||
| 650 |
_aHistoria militar _91394 |
||
| 700 |
_aDenegri Luna, Félix (Editor y prologuista) _922245 |
||
| 700 |
_aGral. Ep. Barra, Felipe de la (prólogo, compilación y ordenamiento) _922246 |
||
| 942 |
_2ddc _cLIBROS |
||
| 945 | _adavv | ||